000 00276nam a2200121 a 4500
008 100923s1968|||| d
100 1 _aFerberová, Edna
245 1 0 _aLoď komediantov
260 _bSmena
_aBratislava
_c1968
020 _c19
044 _axo
_cSK
041 _aslo
999 _c10638
_d10638